MARC details
| 000 -CABECERA |
| campo de control de longitud fija |
02091nam a2200253 a 4500 |
| 005 - FECHA Y HORA DE LA ÚLTIMA TRANSACCIÓN |
| campo de control |
20260430121958.0 |
| 007 - CAMPO FIJO DE DESCRIPCIÓN FÍSICA--INFORMACIÓN GENERAL |
| campo de control de longitud fija |
cr |||aaaaaaa| |
| 008 - ELEMENTOS DE LONGITUD FIJA--INFORMACIÓN GENERAL |
| campo de control de longitud fija |
260430s2020 mx|ad|||o ||| 000 0 spa d |
| 020 ## - NÚMERO INTERNACIONAL NORMALIZADO PARA LIBROS |
| Número Internacional Estándar del Libro |
9786078784035 |
| 040 ## - FUENTE DE LA CATALOGACIÓN |
| Centro catalogador/agencia de origen |
MX-MxUPN |
| Lengua de catalogación |
spa |
| Normas de descripción |
aacr2 |
| 041 0# - CÓDIGO DE IDIOMA |
| Código de lengua del texto/banda sonora o título independiente |
spa |
| 245 13 - MENCIÓN DE TÍTULO |
| Título |
El trabajo colaborativo docente en la educación media superior |
| Medio |
[recurso electrónico en línea] |
| 250 ## - MENCIÓN DE EDICIÓN |
| Mención de edición |
Primera edición |
| 260 ## - PUBLICACIÓN, DISTRIBUCIÓN, ETC. |
| Lugar de publicación, distribución, etc. |
Cuernavaca, Morelos, México : |
| Nombre del editor, distribuidor, etc. |
Universidad Autónoma del Estado de Morelos, |
| Fecha de publicación, distribución, etc. |
2020. |
| 300 ## - DESCRIPCIÓN FÍSICA |
| Extensión |
1 recurso en línea (226 páginas) : |
| Otras características físicas |
ilustraciones, gráficas, PDF |
| 505 ## - NOTA DE CONTENIDO CON FORMATO PREESTABLECIDO |
| Título |
El trabajo colaborativo en la educación media superior, una revisión de la literatura desde la óptica del análisis sociológico del discurso / |
| Mención de responsabilidad |
Luz Marina Ibarra Uribe y Areli Jocabed Barrera Alcalá.-- |
| Título |
El trabajo colaborativo en la educación media superior, notas para su comprensión / |
| Mención de responsabilidad |
Marcos Jacobo Estrada Ruiz y Sergio Jacinto Alejo López.-- |
| Título |
Trabajo colaborativo para la formación docente en educación media superior / |
| Mención de responsabilidad |
Rosana Santiago García.-- |
| Título |
El trabajo colaborativo docente. Una estrategia para hacer frente a algunos de los principales problemas de la educación media superior / |
| Mención de responsabilidad |
César Darío Fonseca Bautista.-- |
| Título |
Cultura docente y trabajo colaborativo en los planteles de bachillerato tecnológico en Morelos / |
| Mención de responsabilidad |
Bertha María Alcántara Sánchez y Areli Jocabed Barrera Alcalá.-- |
| Título |
Una experiencia exitosa de trabajo colaborativo docente / |
| Mención de responsabilidad |
Keeren Pérez Valentin.-- |
| Título |
La reunión de academia local y el trabajo colegiado en el bachillerato tecnológico / |
| Mención de responsabilidad |
César Darío Fonseca Bautista.-- |
| Título |
Docentes de la UEMSTIS-Morelos ante un modelo educativo de liderazgo y colaboración / |
| Mención de responsabilidad |
Rosa Isela Covarrubias Pinzón. |
| 506 0# - NOTA DE RESTRICCIONES AL ACCESO |
| Limitaciones de acceso |
Acceso abierto |
| 700 1# - ASIENTO SECUNDARIO--NOMBRE DE PERSONAL |
| Nombre de persona |
Fonseca Bautista, César Darío |
| 9 (RLIN) |
54450 |
| Término indicativo de función/relación |
coordinación |
| 700 1# - ASIENTO SECUNDARIO--NOMBRE DE PERSONAL |
| Nombre de persona |
Ibarra Uribe, Luz Marina |
| 9 (RLIN) |
59453 |
| Término indicativo de función/relación |
coordinación |
| 700 1# - ASIENTO SECUNDARIO--NOMBRE DE PERSONAL |
| Nombre de persona |
Santiago García, Rosana |
| 9 (RLIN) |
59454 |
| Término indicativo de función/relación |
coordinación |
| 856 40 - LOCALIZACIÓN Y ACCESO ELECTRÓNICOS |
| Identificador Uniforme del Recurso |
<a href="http://riaa.uaem.mx/handle/20.500.12055/1357">http://riaa.uaem.mx/handle/20.500.12055/1357</a> |
| 902 ## - ELEMENTOS DE DATOS B LOCAL, LDB (RLIN) |
| Creó |
JohanaAllegre/300426 |
| 942 ## - ELEMENTOS DE PUNTO DE ACCESO ADICIONAL (KOHA) |
| Fuente del sistema de clasificación o colocación |
Library of Congress Classification |
| Tipo de ítem Koha |
Libro Electrónico |